|
|
|
|
| LEADER |
00000nlm0a2200000 4500 |
| 001 |
643578 |
| 005 |
20240723111309.0 |
| 029 |
1 |
0 |
|a RU
|b 2377332
|c Пат.
|d МПК C 22 B 34/12
|d МПК C 22 B 1/02
|d МПК C 22 B 3/04
|
| 035 |
|
|
|a (RuTPU)RU\TPU\network\8573
|
| 035 |
|
|
|a RU\TPU\network\8571
|
| 039 |
0 |
|
|a RU
|b 2008106532/02
|c 20080219
|
| 090 |
|
|
|a 643578
|
| 100 |
|
|
|a 20150916j20091227k y0rusy50 ca
|
| 101 |
0 |
|
|a rus
|
| 102 |
|
|
|a RU
|
| 105 |
|
|
|a a k 000zy
|
| 135 |
|
|
|a drcn ---uucaa
|
| 181 |
|
0 |
|a i
|
| 182 |
|
0 |
|a b
|
| 200 |
1 |
|
|a Способ переработки титан-кремний содержащего сырья
|f А. А. Андреев, А. Н. Дьяченко
|g Томский политехнический университет (ТПУ) ; Фторидные технологии
|
| 203 |
|
|
|a Текст
|c электронный
|
| 300 |
|
|
|a опубл. 27.08.09
|
| 330 |
|
|
|a Изобретение относится к способу переработки титан-кремнийсодержащего сырья и может быть использовано для обескремнивания минерального сырья, получения искусственного рутила, диоксида кремния, диоксида титана и модифицирования его поверхности. Способ включает фторирование исходного сырья фторсодержащей солью аммония с получением профторированной массы, содержащей смесь соединений кремния и титана. После фторирования проводят разделение смеси соединений кремния и титана и получение товарных продуктов на основе диоксидов титана и кремния. Фторирование исходного сырья ведут при температуре 110-195°С или без нагрева. Разделение смеси соединений кремния и титана ведут возгонкой кремнефторида аммония при температуре 305-450°С или водным выщелачиванием. Техническим результатом изобретения является снижение затрат переработки титан-кремнийсодержащего сырья и повышение качества продуктов.
|
| 610 |
1 |
|
|a патенты
|
| 610 |
1 |
|
|a труды учёных ТПУ
|
| 610 |
1 |
|
|a электронный ресурс
|
| 610 |
1 |
|
|a изобретения
|
| 700 |
|
1 |
|a Андреев
|b А. А.
|c химик-технолог
|c доцент Томского политехнического университета, кандидат технических наук
|f 1983-
|g Артем Андреевич
|3 (RuTPU)RU\TPU\pers\29528
|9 14064
|
| 701 |
|
1 |
|a Дьяченко
|b А. Н.
|c химик-технолог
|c профессор Томского политехнического университета, доктор технических наук
|f 1977-
|g Александр Николаевич
|3 (RuTPU)RU\TPU\pers\27691
|
| 712 |
0 |
2 |
|a Томский политехнический университет (ТПУ)
|c (1991-2009)
|3 (RuTPU)RU\TPU\col\376
|
| 712 |
0 |
2 |
|a Фторидные технологии
|c Компания
|c (Томск)
|3 (RuTPU)RU\TPU\col\16990
|9 26468
|
| 801 |
|
1 |
|a RU
|b 63413507
|c 20120201
|
| 801 |
|
2 |
|a RU
|b 63413507
|c 20160606
|g RCR
|
| 856 |
4 |
|
|u http://www1.fips.ru/Archive/PAT/2009FULL/2009.12.27/DOC/RUNWC2/000/000/002/377/332/document.pdf
|
| 942 |
|
|
|c CF
|